Регионална библиотека "Любен Каравелов" - Русе

Енеида (Запис номер 18083)

MARC детайли
000 -Лидер
Контролно поле с фиксирана дължина nam a22 a 4500
003 - Код на организацията, давaща контролен номер
Контролно поле BLK
005 - Дата и час на последна редакция
Контролно поле 20210122160536.0
008 - Елементи от данни с фиксирана дължина
fixed length control field 180413b bul|||||r ||||||| ||bul||
010 ## - Наследен системен номер
LC control number KNG00020102000
020 ## - Международен стандартен номер на книга ISBN
Международен стандартен номер на книга ISBN 954-8234-43-2
040 ## - Източник на каталожния запис
Идентификатор на билиотеката - собственик на записа BLK
041 ## - Код за език
Код за езика на текст/звукозапис или на отделно заглавие Български
Код за езика КДБФ Български
080 ## - УДК
Текстов определител УДК Италианска литература
УДК код - определител по УДК 821.131.1
УДК определител -93-91
УДК - код + определител 821.131.1-93-91
139 ## - Редно поле
Редна дума Стефани, Стефания и др.
Авторски знак Сте - С 75
245 10 - Сведения за заглавието
Заглавие Енеида
Подзаглавни данни Приключенията на Еней
Редно поле (дума) адапт. Стефания Стефани; адапт. Винченцо Ди Джовани; ил. Пиеро Катанео; прев. от итал. Захари Стефанов Омайников.
257 ## - Страна на издаване
Страна на създаване/издаване Италия
260 ## - Област на издателските данни
Име на издателя, разпространителя и проч. ГЕМА
Година на издаване 1997
Печатница София : Балкан Прес
9 (RLIN) 209512
Място на издаване, разпространение и проч. София
Издателство - префикс ISBN 978-954-8234-
300 ## - Физическа характеристика
Страници 94 с.
Илюстрации и др. с цв. ил.
Размери/Мащаб 28 см
380 ## - Жанр
Жанр Детска худож. лит.
490 ## - СЕРИИ (Колекции)
Име на серия Поредица за деца и юноши Митове и легенди
9 (RLIN) 207003
500 ## - Общи забележки
Забележка Авт. не са отбелязани на кор. - 5 120 тир.
653 ## - Ключова дума – ненормативна
Ключова дума адаптация
653 ## - Ключова дума – ненормативна
Ключова дума детска литература
653 ## - Ключова дума – ненормативна
Ключова дума литература за деца
700 1# - Други автори (авторска отговорност)
Лично име Стефани, Стефания
Автороска отговорност (Описва отношението между автора и произведението) адапт.
9 (RLIN) 262541
700 1# - Други автори (авторска отговорност)
Лично име Ди Джовани, Винченцо
Автороска отговорност (Описва отношението между автора и произведението) адапт.
9 (RLIN) 262542
700 1# - Други автори (авторска отговорност)
Лично име Катанео, Пиеро
Автороска отговорност (Описва отношението между автора и произведението) ил.
9 (RLIN) 363851
700 1# - Други автори (авторска отговорност)
Лично име Омайников, Захари Стефанов
Автороска отговорност (Описва отношението между автора и произведението) прев. от итал.
9 (RLIN) 364697
852 ## - Местоположение
Форматна сигнатура Цб ІІ 9477
856 4# - Електронен адрес и достъп
Електронен формат pdf - файл
Път до файла /url/
856 4# - Електронен адрес и достъп
Електронен формат pdf - файл
Път до файла /url/
999 ## - СИСТЕМНИ КОНТРОЛНИ НОМЕРА
Koha biblionumber 18083
Koha biblioitemnumber 18083
942 ## - АРТИКУЛИ
Вид на библиотечния материал Книги
Скрит в OPAC Не
Периодичен библиозапис Да
944 ## - СЪЗДАВАНЕ И РЕДАКЦИЯ на ЗАПИСА
Създаване/Редакция Създаване
Дата на регистрацията/редакция 15.01.2003
Статус, дата на статуса ф /
Служител, извършил регистрацията/редакцията AB_DOS
944 ## - СЪЗДАВАНЕ И РЕДАКЦИЯ на ЗАПИСА
Създаване/Редакция Редакция
Дата на регистрацията/редакция 04.08.2015
Статус, дата на статуса ф /
Служител, извършил регистрацията/редакцията Елица_Владова
944 ## - СЪЗДАВАНЕ И РЕДАКЦИЯ на ЗАПИСА
Създаване/Редакция Редакция
Дата на регистрацията/редакция 2021-01-22
Служител, извършил регистрацията/редакцията ВК
999 ## - СИСТЕМНИ КОНТРОЛНИ НОМЕРА
Koha biblioitemnumber 18083
Наличности
Код за отписване Код за изгубен артикул Източник на класификационната схема Код за повреда Коз за рестрикции Код за отдаване Артикулен № Име на библиотеката - собственик Име на библиотеката, в която се намира в момента Статус (Текущо местоположение) Дата на вписване в системата Местоположение - отдел Цена в лева Инвентарен номер Систематично азбучна сигнатура Баркод Номер на екземпляра Цена в евро Служебна бележка Служебен тип на артикула
Изтеглен Не е изгубен Universal Decimal Classification Не е повреден без рестрикции заемане за дома 30411 Регионална библиотека "Любен Каравелов" Русе Регионална библиотека "Любен Каравелов" Русе Детски отдел 2001-01-01 Детски отдел 4.00 636338 ДХ 820/899/С 75 636338 1 2.05 Дата инв: 04.08.2015 Бележки инв: Д2015 Книги
Изтеглен Не е изгубен Universal Decimal Classification Не е повреден без рестрикции заемане за дома 30412 Регионална библиотека "Любен Каравелов" Русе Регионална библиотека "Любен Каравелов" Русе Детски отдел 2001-01-01 Детски отдел 4.00 636339 ДХ 820/899/С 75 636339 2 2.05   Книги
  Не е изгубен Universal Decimal Classification Не е повреден само за читалня ползва се в читалня 30413 Регионална библиотека "Любен Каравелов" Русе Регионална библиотека "Любен Каравелов" Русе Хранилище 2001-01-01 Хранилище 4.00 637648 Цб ІІ 9477 120000637648 3 2.05   Книги
Vip Innovations Ltd, Rousse, Bulgaria 2025